|
|
|
|
| LEADER |
00000nla2a2200000 4500 |
| 001 |
646008 |
| 005 |
20231220133339.0 |
| 035 |
|
|
|a (RuTPU)RU\TPU\network\11129
|
| 035 |
|
|
|a RU\TPU\network\11128
|
| 090 |
|
|
|a 646008
|
| 100 |
|
|
|a 20160208d2015 k y0rusy50 ca
|
| 101 |
0 |
|
|a rus
|
| 102 |
|
|
|a RU
|
| 105 |
|
|
|a a z 101zy
|
| 135 |
|
|
|a drgn ---uucaa
|
| 181 |
|
0 |
|a i
|
| 182 |
|
0 |
|a b
|
| 200 |
1 |
|
|a Анализ напряженно-деформированного состояния поверхностных слоев стали при наноструктурирующем выглаживании
|f В. П. Кузнецов [и др.]
|
| 203 |
|
|
|a Текст
|c электронный
|
| 225 |
1 |
|
|a Научные основы разработки материалов с многоуровневой иерархической структурой
|
| 300 |
|
|
|a Заглавие с экрана
|
| 337 |
|
|
|a Adobe Reader
|
| 463 |
|
1 |
|0 (RuTPU)RU\TPU\network\11053
|t Перспективные материалы с иерархической структурой для новых технологий и надежных конструкций
|o тезисы докладов Международной конференции, 21-25 сентября 2015 г., Томск
|f Российская академия наук (РАН), Сибирское отделение (СО), Институт физики прочности и материаловедения (ИФПМ)
|v [С. 145-146]
|d 2015
|
| 610 |
1 |
|
|a электронный ресурс
|
| 610 |
1 |
|
|a труды учёных ТПУ
|
| 610 |
1 |
|
|a напряженно-деформированные состояния
|
| 610 |
1 |
|
|a поверхностные слои
|
| 610 |
1 |
|
|a стали
|
| 610 |
1 |
|
|a наноструктурирующее выглаживание
|
| 610 |
1 |
|
|a обработка
|
| 610 |
1 |
|
|a выглаживание
|
| 701 |
|
1 |
|a Кузнецов
|b В. П.
|c специалист в области машиностроения
|c профессор Томского политехнического университета, доктор технических наук
|f 1953-
|g Виктор Павлович
|3 (RuTPU)RU\TPU\pers\35778
|
| 701 |
|
1 |
|a Смолин
|b И. Ю.
|c специалист в области материаловедения
|c старший научный сотрудник Томского политехнического университета
|f 1963-
|g Игорь Юрьевич
|3 (RuTPU)RU\TPU\pers\34807
|
| 701 |
|
1 |
|a Дмитриев
|b А. И.
|c физик
|c инженер Томского политехнического университета, доктор физико-математических наук
|f 1972-
|g Андрей Иванович
|3 (RuTPU)RU\TPU\pers\35603
|
| 701 |
|
1 |
|a Тарасов
|b С. Ю.
|c специалист в области машиностроения
|c профессор Томского политехнического университета, доктор технических наук
|f 1959-
|g Сергей Юльевич
|3 (RuTPU)RU\TPU\pers\31399
|9 15571
|
| 712 |
0 |
2 |
|a Национальный исследовательский Томский политехнический университет (ТПУ)
|b Институт физики высоких технологий (ИФВТ)
|b Кафедра физики высоких технологий в машиностроении (ФВТМ)
|3 (RuTPU)RU\TPU\col\18687
|
| 801 |
|
1 |
|a RU
|b 63413507
|c 20101016
|
| 801 |
|
2 |
|a RU
|b 63413507
|c 20160208
|g RCR
|
| 856 |
4 |
|
|u http://www.ispms.ru/files/Conference/2015/tezis_2015.pdf#page=145
|
| 942 |
|
|
|c CF
|